000 00817 a2200193 4500
001 57965
005 20260407155839.0
008 260407a1987 arg spa d
003 AR-UNSa-BCEJYS
040 _aAR-UNSa-BCEJYS
_bspa
_cAR-UNSa-BCEJYS
080 _a332.1
_xEconomía regional. Economía territorial
245 1 0 _aLa región bonaerense
_pdesarrollo productivo, estrategias laborales, descentralización estatal y financiera.
264 1 _aBuenos Aires :
_bFundación Friedrich Ebert
_c1987
300 _a39 p.
_c21 cm.
505 _a1. Introducción - 2. La economía regional bonaerense y sus perspectivas - 3. La estrectura financiera provincial - 4. El rol del municipio en el proceso de descentralización estatal
942 _cBK
590 _aniveau_biblio:m niveau_hierar:0
100 1 _aColman, Oscar
999 _c6348
_d6348